The Chartered Institute of Arbitrators (Record no. 120688)
[ view plain ]
| 000 -LEADER | |
|---|---|
| fixed length control field | 01023cai a22001815a 4500 |
| 001 - CONTROL NUMBER | |
| control field | E144634 |
| 008 - FIXED-LENGTH DATA ELEMENTS--GENERAL INFORMATION | |
| fixed length control field | 080801u xxk g 000 0 eng d |
| 035 ## - SYSTEM CONTROL NUMBER | |
| System control number | (Sirsi) u144634 |
| 041 0# - LANGUAGE CODE | |
| Language code of text/sound track or separate title | eng |
| 110 2# - MAIN ENTRY--CORPORATE NAME | |
| Corporate name or jurisdiction name as entry element | Chartered Institute of Arbitrators |
| Subordinate unit | Scottish Branch |
| 9 (RLIN) | 3828 |
| 245 04 - TITLE STATEMENT | |
| Title | The Chartered Institute of Arbitrators |
| Remainder of title | Scottish Branch |
| Medium | [electronic resource] |
| 520 ## - SUMMARY, ETC. | |
| Summary, etc. | Website of the Scottish Branch of the Chartered Institute of Arbitrators. Provides access to online copies of codes of practice, as well as articles and conference papers relating to arbitration and dispute resolution in Scotland, and the Branch's newsletter. Also provides information on adjudication, including links to relevant Scottish case law and legislation. |
| 590 ## - LOCAL NOTE (RLIN) | |
| Local note | KA |
| 651 #4 - SUBJECT ADDED ENTRY--GEOGRAPHIC NAME | |
| Geographic name | Scotland |
| Chronological subdivision | 1999- |
| 690 ## - LOCAL SUBJECT ADDED ENTRY--TOPICAL TERM (OCLC, RLIN) | |
| Topical term or geographic name as entry element | MANAGEMENT-DISPUTE AVOIDANCE, MANAGEMENT AND RESOLUTION-DISPUTE MANAGEMENT AND RESOLUTION-ARBITRATION |
| 856 40 - ELECTRONIC LOCATION AND ACCESS | |
| Uniform Resource Identifier | <a href="https://www.ciarb.org/scotland/">https://www.ciarb.org/scotland/</a> |
| Public note | View the website free of charge at www.ciarb.org/scotland |
| 942 ## - ADDED ENTRY ELEMENTS (KOHA) | |
| Suppress in OPAC | 0 |
| Withdrawn status | Lost status | Source of classification or shelving scheme | Damaged status | Not for loan | Home library | Current library | Shelving location | Date acquired | Total Checkouts | Full call number | Barcode | Date last seen | Copy number | Price effective from | Koha item type |
|---|---|---|---|---|---|---|---|---|---|---|---|---|---|---|---|
| Dewey Decimal Classification | Virtual | Virtual | Online | 01/08/2008 | WEBSITE | 144634-2001 | 06/08/2019 | 1 | 06/08/2019 | Online material |